Evidence for the existence of an expectancy effect in caffeine research /

Bibliographic Details
Main Author: White, Maribeth, 1960-
Format: Thesis eBook
Language:English
Published: [Place of publication not identified] : [publisher not identified] ; 1989.
Subjects:
Online Access:Link to OAKTrust copy

MARC

Tag First Indicator Second Indicator Subfields
LEADER 00000cam a2200000 a 4500
001 in00000915541
005 20220103115113.0
007 cr unu a
008 900827s1989 xx b 00010 eng d
035 |9 AEP0919AM 
035 |a (OCoLC)22284414 
040 |a TXA  |c TXA  |d UtOrBLW 
049 |a TXAZ [Also in] [Archives]  |c 1 [A13108911], 2 [A13108961] 
099 |a 1989  |a Thesis  |a W586 
100 1 |a White, Maribeth,  |d 1960- 
245 1 0 |a Evidence for the existence of an expectancy effect in caffeine research /  |c by Maribeth White. 
264 1 |a [Place of publication not identified] :  |b [publisher not identified] ;  |c 1989. 
300 |a viii, 70 leaves :  |b illustrations ;  |c 29 cm. 
336 |a text  |b txt  |2 rdacontent 
337 |a computer  |b c  |2 rdamedia 
338 |a online resource  |b cr  |2 rdacarrier 
500 |a "Major subject: Psychology." 
500 |a Typescript (photocopy). 
500 |a Vita. 
502 |b M.S.  |c Texas A&M University  |d 1989. 
504 |a Includes bibliographical references. 
530 |a Also available online. 
650 0 |a Expectation (Psychology) 
650 0 |a Nutrition  |x Psychological aspects. 
650 4 |a Major psychology. 
856 4 1 |u https://hdl.handle.net/1969.1/ETD-TAMU-1989-THESIS-W586  |z Link to OAKTrust copy  |t 0 
999 |a MARS 
999 f f |s 1bdfb36e-0b9b-3c80-8f47-73088ec19b29  |i cccb21bc-2186-359e-97ea-90fbfeaffb5b  |t 0 
952 f f |p noncirc  |a Texas A&M University  |b J.J. Pickle Campus  |c High Density Repository  |d Remote Storage  |t 0  |e 1989 Thesis W586  |h Other scheme  |i computer -- online resource  |m A14839634930 
952 f f |a Texas A&M University  |b College Station  |c Electronic Resources  |d Available Online  |t 0  |e 1989 Thesis W586  |h Other scheme 
998 f f |a 1989 Thesis W586  |t 0  |l Available Online 
998 f f |a 1989 Thesis W586  |t 0  |l Remote Storage